Vista normal Vista MARC

Entrada Meeting Name

Número de registros utilizados en: 1

001 - CONTROL NUMBER

  • control field: 40046

003 - CONTROL NUMBER IDENTIFIER

  • control field: OSt

005 - DATE AND TIME OF LATEST TRANSACTION

  • control field: 20210906162038.0

008 - FIXED-LENGTH DATA ELEMENTS

  • fixed length control field: 210906|| aca||aabn | a|a d

040 ## - CATALOGING SOURCE

  • Original cataloging agency: OSt
  • Transcribing agency: OSt

111 ## - HEADING--MEETING NAME

  • Meeting name or jurisdiction name as entry element: Foro Nacional Agropecuario
  • Location of meeting: Cartagena)
  • Date of meeting or treaty signing: ( : 1994

670 ## - SOURCE DATA FOUND

  • Source citation: Work cat.: (OSt)12376: Foro Nacional Agropecuario Cartagena) ( : 1994 : , El sector agropecuario en Colombia y el mundo: , 1994.